000 00494nam a2200181Ia 4500
003 IIN
005 20240618130213.0
008 231217s9999 xx 000 0 und d
020 _cRs.695.00
_a9789385999161
040 _aIIN
_bEnglish
082 _a610.7307
_bSOD
100 1 _aSodhi, Jaspreet Kaur
245 1 _aComprehensive Textbook of Nursing Education/
_cJaspreet Kaur Sodhi
260 _bJaypee
_aNew Delhi
_c2017
300 _axvii, 605 p.
650 1 _aEducation
_vNursing
942 _cBOOK
999 _c236
_d236